Oceans and beaches / (Record no. 305766)
[ view plain ]
| 000 -LEADER | |
|---|---|
| fixed length control field | 00781nam a2200301Ia 4500 |
| 008 - FIXED-LENGTH DATA ELEMENTS--GENERAL INFORMATION | |
| fixed length control field | 170203s9999 xx 000 0 und d |
| 020 ## - INTERNATIONAL STANDARD BOOK NUMBER | |
| International Standard Book Number | 9628882740 |
| 050 ## - LIBRARY OF CONGRESS CALL NUMBER | |
| Classification number | 912 |
| 050 ## - LIBRARY OF CONGRESS CALL NUMBER | |
| Item number | D275o 2005 |
| 100 ## - MAIN ENTRY--PERSONAL NAME | |
| Personal name | Day, Trevor. |
| 245 ## - TITLE STATEMENT | |
| Title | Oceans and beaches / |
| 245 ## - TITLE STATEMENT | |
| Statement of responsibility, etc | Trevor Day. |
| 260 ## - PUBLICATION, DISTRIBUTION, ETC. (IMPRINT) | |
| Place of publication, distribution, etc | Singapore : |
| 260 ## - PUBLICATION, DISTRIBUTION, ETC. (IMPRINT) | |
| Name of publisher, distributor, etc | Educational Technologies Ltd. |
| 260 ## - PUBLICATION, DISTRIBUTION, ETC. (IMPRINT) | |
| Date of publication, distribution, etc | 2005 |
| 300 ## - PHYSICAL DESCRIPTION | |
| Extent | 64 pages : |
| 300 ## - PHYSICAL DESCRIPTION | |
| Other physical details | color illustrations, color maps ; |
| 300 ## - PHYSICAL DESCRIPTION | |
| Dimensions | 29 cm. |
| 440 ## - SERIES STATEMENT/ADDED ENTRY--TITLE | |
| Title | Biomes atlases. |
| 650 ## - SUBJECT ADDED ENTRY--TOPICAL TERM | |
| Topical term or geographic name as entry element | Beaches -- |
| 650 ## - SUBJECT ADDED ENTRY--TOPICAL TERM | |
| Topical term or geographic name as entry element | Coastal ecology -- |
| 650 ## - SUBJECT ADDED ENTRY--TOPICAL TERM | |
| Topical term or geographic name as entry element | Marine ecology -- |
| 650 ## - SUBJECT ADDED ENTRY--TOPICAL TERM | |
| Topical term or geographic name as entry element | Ocean -- |
| 650 ## - SUBJECT ADDED ENTRY--TOPICAL TERM | |
| General subdivision | Juvenile literature. |
| 650 ## - SUBJECT ADDED ENTRY--TOPICAL TERM | |
| General subdivision | Juvenile literature. |
| 650 ## - SUBJECT ADDED ENTRY--TOPICAL TERM | |
| General subdivision | Juvenile literature. |
| 650 ## - SUBJECT ADDED ENTRY--TOPICAL TERM | |
| General subdivision | Juvenile literature. |
| Withdrawn status | Lost status | Damaged status | Home library | Current library | Shelving location | Date acquired | Total Checkouts | Full call number | Barcode | Date last seen | Price effective from | Koha item type |
|---|---|---|---|---|---|---|---|---|---|---|---|---|
| Stonyhurst Southville International School (Batangas) | Stonyhurst Southville International School (Batangas) | 02/03/2017 | Ref. 912 .D275o 2005 | US- 0646 | 02/03/2017 | 02/03/2017 | Books |